[Event "NOR-chB"]
[Site "Oslo"]
[Date "2023.07.08"]
[Round "9"]
[White "Moen, Ole Christian"]
[Black "Danielsen, Arne"]
[Result "1-0"]
[WhiteElo "2129"]
[BlackElo "2032"]
[PlyCount "87"]
[EventDate "2023.06.30"]
[EventType "swiss"]
[EventRounds "9"]
[EventCountry "NOR"]
[SourceTitle "EXT 2024"]
[Source "ChessBase"]
[SourceDate "2023.10.10"]
[SourceVersion "1"]
[SourceVersionDate "2023.10.10"]
[SourceQuality "1"]

1. e4 c6 2. Nc3 d5 3. Nf3 Bg4 4. h3 Bxf3 5. Qxf3 e6 6. g3 Nf6 7. Bg2 Be7 8. 0-0 0-0 9. b3 Nbd7 10. d4 Qa5 11. Qd3 Rfd8 12. e5 Ne8 13. Bd2 Qb6 14. Na4 Qc7 15. f4 c5 16. c3 a6 17. f5 Nf8 18. Nxc5 Bxc5 19. dxc5 Qxe5 20. Rae1 Qc7 21. b4 Nf6 22. Bf4 Qd7 23. Be5 Ne4 24. Rxe4 dxe4 25. Qxe4 exf5 26. Qxb7 Qe6 27. Bd6 g6 28. Qe7 Qxe7 29. Bxe7 Rd7 30. Bxa8 Rxe7 31. a4 Re3 32. Rf3 Re7 33. a5 Ne6 34. Rd3 Kg7 35. Kf2 Ng5 36. h4 Ne4+ 37. Bxe4 fxe4 38. Rd6 Ra7 39. Rb6 Kf8 40. c6 Rc7 41. Rxa6 Ke7 42. Rb6 Kd6 43. b5 Ra7 44. a6 1-0

[Event "Kragero op"]
[Site "Kragero"]
[Date "2023.02.25"]
[Round "7"]
[White "Mitusov, Semen"]
[Black "Moen, Ole Christian"]
[Result "1-0"]
[WhiteElo "2396"]
[BlackElo "2131"]
[PlyCount "99"]
[EventDate "2023.02.22"]
[EventType "swiss"]
[EventRounds "9"]
[EventCountry "NOR"]
[SourceTitle "CBM 212 Extra"]
[Source "ChessBase"]
[SourceDate "2023.03.31"]
[SourceVersion "1"]
[SourceVersionDate "2023.03.31"]
[SourceQuality "1"]

1. e4 e5 2. Nf3 Nc6 3. Nc3 Nf6 4. d4 exd4 5. Nxd4 Bc5 6. Nxc6 bxc6 7. Bd3 0-0 8. 0-0 d5 9. Bg5 Re8 10. Qf3 Bd4 11. exd5 Bxc3 12. bxc3 Qxd5 13. Qf4 Qd6 14. Qh4 h6 15. Bxf6 Qxf6 16. Qxf6 gxf6 17. f4 c5 18. Rfb1 Re7 19. Rb2 Bd7 20. Rab1 Bc6 21. c4 Kg7 22. Kf2 Rae8 23. Rb8 Kf8 24. Rxe8+ Rxe8 25. Rb3 a5 26. Bf1 a4 27. Rh3 Rb8 28. Rh5 Be4 29. Rxc5 Rb2 30. Ke3 Bxc2 31. Rxc7 Rxa2 32. c5 Bb3 33. Rc8+ Ke7 34. Bb5 f5 35. Re8+ Kf6 36. Ra8 Rxg2 37. Ra6+ Ke7 38. Ra7+ Ke6 39. c6 Rc2 40. Kd4 Rc1 41. h4 h5 42. Ra6 Kd6 43. Ra7 Ke6 44. Ra8 f6 45. Re8+ Kf7 46. Re3 a3 47. Rxb3 a2 48. Ra3 a1Q+ 49. Rxa1 Rxa1 50. c7 1-0

[Event "Kragero op"]
[Site "Kragero"]
[Date "2023.02.22"]
[Round "2"]
[White "Moen, Ole Christian"]
[Black "Amundsen, Ask"]
[Result "1/2-1/2"]
[WhiteElo "2131"]
[BlackElo "2000"]
[PlyCount "79"]
[EventDate "2023.02.22"]
[EventType "swiss"]
[EventRounds "9"]
[EventCountry "NOR"]
[SourceTitle "CBM 212 Extra"]
[Source "ChessBase"]
[SourceDate "2023.03.31"]
[SourceVersion "1"]
[SourceVersionDate "2023.03.31"]
[SourceQuality "1"]

1. e4 c5 2. Nf3 e6 3. d4 cxd4 4. Nxd4 Nc6 5. Nxc6 bxc6 6. Bd3 Nf6 7. c4 e5 8. 0-0 d6 9. Nc3 Be7 10. h3 0-0 11. Be3 Be6 12. b3 d5 13. cxd5 cxd5 14. exd5 Nxd5 15. Nxd5 Qxd5 16. Qe2 e4 17. Bc4 Qe5 18. Rac1 Rfc8 19. Bxe6 Qxe6 20. Rxc8+ Qxc8 21. Rc1 Qb7 22. Qc4 a5 23. Qc7 Qxc7 24. Rxc7 Bd6 25. Ra7 Rxa7 26. Bxa7 f5 27. Bb6 Bb4 28. a3 Bxa3 29. Bxa5 Kf7 30. Kf1 Ke6 31. Ke2 Kd5 32. Bc3 g6 33. f3 Bc5 34. Bd2 Bb6 35. Be3 Ba5 36. g4 h5 37. Ba7 exf3+ 38. Kxf3 fxg4+ 39. hxg4 hxg4+ 40. Kxg4 1/2-1/2

[Event "WchT Seniors 65"]
[Site "Prague"]
[Date "2020.03.09"]
[Round "4.11"]
[White "Moen, Ole Christian"]
[Black "Rovira Mas, Jorge"]
[Result "1/2-1/2"]
[WhiteElo "2192"]
[BlackElo "2196"]
[PlyCount "71"]
[EventDate "2020.03.06"]
[EventType "team-swiss"]
[EventRounds "7"]
[EventCountry "CZE"]
[SourceTitle "CBM 195 Extra"]
[Source "ChessBase"]
[SourceDate "2020.05.31"]
[SourceVersion "1"]
[SourceVersionDate "2020.05.31"]
[SourceQuality "1"]
[WhiteTeam "Norway 65"]
[BlackTeam "Costa Rica 65"]
[WhiteTeamCountry "NOR"]
[BlackTeamCountry "CRI"]

1. e4 g6 2. d4 Bg7 3. f4 d6 4. Nf3 a6 5. c3 Nd7 6. Bc4 e6 7. 0-0 b5 8. Bb3 Nb6 9. f5 gxf5 10. exf5 d5 11. Bg5 Bf6 12. fxe6 Bxe6 13. Qd2 Qe7 14. Bxf6 Nxf6 15. Ne5 Ne4 16. Qf4 f6 17. Nd3 0-0-0 18. Nd2 f5 19. a4 bxa4 20. Bxa4 Qd6 21. Nxe4 fxe4 22. Nc5 Qxf4 23. Rxf4 Bd7 24. Bxd7+ Nxd7 25. Rxa6 Nxc5 26. dxc5 Kb7 27. Re6 Rhf8 28. Rf2 Ra8 29. g4 Rxf2 30. Kxf2 Ra2 31. c4 Rxb2+ 32. Ke3 Rb3+ 33. Kd2 dxc4 34. h4 Rd3+ 35. Kc2 e3 36. g5 1/2-1/2

[Event "NOR-ch Master"]
[Site "Sarpsborg"]
[Date "2018.07.08"]
[Round "3"]
[White "Moen, Ole Christian"]
[Black "Skotheim, Andreas"]
[Result "1-0"]
[WhiteElo "2201"]
[BlackElo "2109"]
[PlyCount "101"]
[EventDate "2018.07.07"]
[EventType "swiss"]
[EventRounds "9"]
[EventCountry "NOR"]
[SourceTitle "EXT 2024"]
[Source "ChessBase"]
[SourceDate "2023.10.10"]
[SourceVersion "1"]
[SourceVersionDate "2023.10.10"]
[SourceQuality "1"]

1. e4 c5 2. Nf3 e6 3. d4 cxd4 4. Nxd4 Nc6 5. Be3 Nf6 6. Nc3 Qc7 7. Bd3 a6 8. 0-0 b5 9. Nxc6 dxc6 10. a4 Bb7 11. Qf3 Bd6 12. Qh3 b4 13. Nb1 Be5 14. f4 Bxb2 15. Ra2 Bc3 16. Nxc3 bxc3 17. Ra3 c5 18. Rxc3 Bxe4 19. Rxc5 Qb7 20. Bd4 Rd8 21. c3 0-0 22. Rb1 Qa8 23. Rb6 Bxd3 24. Qxd3 Nd5 25. Qg3 e5 26. Bxe5 f6 27. Rd6 Rxd6 28. Bxd6 Rd8 29. c4 Rxd6 30. cxd5 Qb8 31. Qc3 Qb1+ 32. Kf2 Rb6 33. Rc8+ Kf7 34. Rc7+ Kg8 35. Rc8+ Kf7 36. Qc7+ Kg6 37. Qc2+ Qxc2+ 38. Rxc2 Kf5 39. Ke3 Rb4 40. g4+ Kxg4 41. d6 Rb8 42. Ke4 f5+ 43. Ke5 Re8+ 44. Kd5 Rd8 45. Rg2+ Kxf4 46. Rxg7 h5 47. d7 Kf3 48. Ke6 f4 49. Ke7 Rxd7+ 50. Kxd7 Ke2 51. Rh7 1-0

[Event "NOR-chT 1718"]
[Site "Norway"]
[Date "2018.03.02"]
[Round "7.4"]
[White "Moen, Ole Christian"]
[Black "Kizatbay, Abyl"]
[Result "1-0"]
[WhiteElo "2178"]
[BlackElo "2145"]
[PlyCount "97"]
[EventDate "2017.11.03"]
[EventType "team-tourn"]
[EventRounds "9"]
[EventCountry "NOR"]
[SourceTitle "EXT 2019"]
[Source "ChessBase"]
[SourceDate "2018.10.10"]
[SourceVersion "1"]
[SourceVersionDate "2018.10.10"]
[SourceQuality "1"]
[WhiteTeam "OSS"]
[BlackTeam "Stavanger"]
[WhiteTeamCountry "NOR"]
[BlackTeamCountry "NOR"]

1. e4 c5 2. Nf3 d6 3. Bb5+ Bd7 4. a4 Nf6 5. Nc3 g6 6. 0-0 Bg7 7. e5 dxe5 8. Nxe5 0-0 9. Re1 a6 10. Nxd7 Nfxd7 11. Bf1 Nc6 12. Ne4 Qb6 13. Ra3 Nf6 14. Rb3 Qc7 15. Nxc5 Na5 16. Rc3 Ng4 17. Qxg4 Bxc3 18. Ne6 fxe6 19. Qxe6+ Rf7 20. dxc3 Qc5 21. Be3 Qf5 22. Bb6 Qxe6 23. Rxe6 Nc6 24. Bc4 Kf8 25. Re4 Rf5 26. f4 e5 27. Be3 exf4 28. Bxf4 g5 29. Bd6+ Kg7 30. Bd3 Rf7 31. b4 Rd8 32. Bc5 Rf4 33. Re3 Rd5 34. g3 Rf7 35. Kg2 h6 36. Re4 Rfd7 37. Re6 Re5 38. Bd4 Rxd4 39. Rg6+ Kf7 40. cxd4 Nxd4 41. Rxh6 Nxc2 42. Rh7+ Kf6 43. Bxc2 Re2+ 44. Kf3 Rxc2 45. Rxb7 Rxh2 46. Rb6+ Kf5 47. Rxa6 Rb2 48. Ra5+ Kf6 49. Rb5 1-0

[Event "NOR-ch rapid"]
[Site "Drammen"]
[Date "2018.01.07"]
[Round "7"]
[White "Kaasen, Tor Fredrik"]
[Black "Moen, Ole Christian"]
[Result "1-0"]
[WhiteElo "2340"]
[BlackElo "2184"]
[PlyCount "79"]
[EventDate "2018.01.06"]
[EventType "swiss (rapid)"]
[EventRounds "10"]
[EventCountry "NOR"]
[SourceTitle "CBM 182 Extra"]
[Source "ChessBase"]
[SourceDate "2018.02.23"]
[SourceVersion "1"]
[SourceVersionDate "2018.02.23"]
[SourceQuality "1"]

1. e4 e5 2. Nf3 Nc6 3. Bb5 a6 4. Ba4 d6 5. c3 Nf6 6. d4 Bd7 7. Nbd2 g6 8. 0-0 b5 9. Bb3 Bg7 10. Re1 0-0 11. Nf1 Re8 12. Ng3 Bg4 13. d5 Na5 14. Bc2 c5 15. dxc6 Rc8 16. h3 Be6 17. Ng5 Rxc6 18. Nxe6 Rxe6 19. a4 h6 20. axb5 axb5 21. Bd3 Nc4 22. b3 Nb6 23. Bb2 b4 24. cxb4 d5 25. Qf3 dxe4 26. Nxe4 Nfd5 27. Bb5 Rc8 28. Red1 f5 29. Nc5 Rd6 30. Ra7 Rc7 31. Nb7 Qb8 32. Nxd6 Qxa7 33. Bc4 e4 34. Qe2 Nxc4 35. bxc4 Nxb4 36. Nb5 Qa2 37. Nxc7 Qxb2 38. Rd8+ Kf7 39. Rd7+ Kf8 40. Ne6+ 1-0

[Event "NOR-chB"]
[Site "Stavanger"]
[Date "2017.07.03"]
[Round "3"]
[White "Moen, Ole Christian"]
[Black "Johansen, Terje"]
[Result "1/2-1/2"]
[WhiteElo "2191"]
[BlackElo "2278"]
[PlyCount "72"]
[EventDate "2017.07.01"]
[EventType "swiss"]
[EventRounds "9"]
[EventCountry "NOR"]
[SourceTitle "CBM 179 Extra"]
[Source "ChessBase"]
[SourceDate "2017.08.23"]
[SourceVersion "1"]
[SourceVersionDate "2017.08.23"]
[SourceQuality "1"]

1. e4 c6 2. Nc3 d5 3. Nf3 Nf6 4. e5 Ne4 5. Bd3 Nxc3 6. dxc3 Bg4 7. h3 Bxf3 8. Qxf3 e6 9. Qg3 Qb6 10. 0-0 Nd7 11. b4 g6 12. Be3 Qc7 13. f4 c5 14. a3 c4 15. Be2 Be7 16. Qf2 h5 17. Bd4 h4 18. Bg4 Rg8 19. a4 a6 20. a5 Qc6 21. Rae1 Nf8 22. Rb1 Nd7 23. Rb2 Qb5 24. Kh1 Qc6 25. Rfb1 Qb5 26. Qe1 Rc8 27. Bc5 Nxc5 28. bxc5 Qxa5 29. Rxb7 Qxc5 30. R1b6 Kf8 31. Qa1 Rc6 32. Rxa6 Rxa6 33. Qxa6 Qa3 34. Qxa3 Bxa3 35. g3 hxg3 36. Kg2 Bc1 1/2-1/2

[Event "Oslo Sveins op 10th"]
[Site "Oslo"]
[Date "2017.06.25"]
[Round "4"]
[White "Moen, Ole Christian"]
[Black "Hector, Jonny"]
[Result "0-1"]
[WhiteElo "2178"]
[BlackElo "2503"]
[PlyCount "70"]
[EventDate "2017.06.23"]
[EventType "swiss"]
[EventRounds "9"]
[EventCountry "NOR"]
[SourceTitle "CBM 179 Extra"]
[Source "ChessBase"]
[SourceDate "2017.08.23"]
[SourceVersion "1"]
[SourceVersionDate "2017.08.23"]
[SourceQuality "1"]

1. e4 e5 2. Nf3 Nc6 3. Bb5 a6 4. Ba4 Nf6 5. 0-0 Be7 6. Re1 b5 7. Bb3 0-0 8. a4 b4 9. c3 Rb8 10. d4 d6 11. h3 h6 12. Nbd2 Re8 13. a5 bxc3 14. bxc3 exd4 15. cxd4 Nb4 16. Nf1 d5 17. Ng3 dxe4 18. Ne5 Rf8 19. Nxe4 Bb7 20. Ng3 Bd5 21. Nf5 Re8 22. Ra3 Bf8 23. Ba4 c6 24. Rg3 Kh8 25. Bd2 Qxa5 26. Bxc6 Bxc6 27. Nxc6 Qxf5 28. Bxb4 Bxb4 29. Rxe8+ Rxe8 30. Nxb4 a5 31. Nc6 Qd5 32. Qf3 Re1+ 33. Kh2 Ne4 34. Ne5 Nxg3 35. Qxg3 Kg8 0-1

[Event "Oslo Sveins op 10th"]
[Site "Oslo"]
[Date "2017.06.24"]
[Round "2"]
[White "Getz, Nicolai"]
[Black "Moen, Ole Christian"]
[Result "1-0"]
[WhiteElo "2391"]
[BlackElo "2178"]
[PlyCount "113"]
[EventDate "2017.06.23"]
[EventType "swiss"]
[EventRounds "9"]
[EventCountry "NOR"]
[SourceTitle "CBM 179 Extra"]
[Source "ChessBase"]
[SourceDate "2017.08.23"]
[SourceVersion "1"]
[SourceVersionDate "2017.08.23"]
[SourceQuality "1"]

1. e4 e5 2. Nf3 Nc6 3. Bc4 Bc5 4. 0-0 Nf6 5. d3 0-0 6. c3 Re8 7. b4 Bf8 8. Qb3 Re7 9. Bg5 d6 10. Nh4 a5 11. b5 a4 12. Qd1 Na5 13. Bxf6 gxf6 14. Qxa4 f5 15. Nxf5 Bxf5 16. exf5 d5 17. Bb3 Nc4 18. Qxa8 Qxa8 19. dxc4 dxc4 20. Bxc4 Rd7 21. a4 b6 22. Re1 Qd8 23. a5 bxa5 24. Rxa5 Rd1 25. Kf1 Bc5 26. Ra2 Rxe1+ 27. Kxe1 Qg5 28. Bd3 Qxg2 29. Re2 Qg1+ 30. Kd2 Qxh2 31. Kc2 Bxf2 32. Nd2 Qf4 33. Ne4 Bh4 34. f6 Qg4 35. Kb3 h5 36. Ra2 Qc8 37. Bc4 Qb7 38. Rd2 Kh7 39. Rd7 Kh6 40. Bd3 Be1 41. Rd8 Qb6 42. Rh8+ Kg6 43. Nd2+ e4 44. Nxe4 Qe3 45. Kc2 h4 46. Re8 Kh5 47. Bc4 Kg4 48. Bxf7 Qe2+ 49. Kc1 Kf4 50. Bg6 Qf1 51. f7 Bxc3+ 52. Kc2 Bf6 53. Nd2 Qxb5 54. Re4+ Kg5 55. f8Q Kxg6 56. Qg8+ Kh6 57. Qe6 1-0